| 000 | 01398aam a2200253 a 4500 | ||
|---|---|---|---|
| 001 | 000262763 | ||
| 003 | AR-RoUNCS | ||
| 005 | 20251028151837.0 | ||
| 008 | 080926s1986 ag d gr 001 0 spa | | ||
| 020 | _a950-614-365-X | ||
| 040 |
_aAR-BaBN _bspa _cAR-RoUNCS _eaacr |
||
| 080 | _a32(82)"1880/1916" | ||
| 100 | 1 |
_aBotana, Natalio R., _d1937- _eautor |
|
| 245 | 1 | 3 |
_aEl orden conservador : _bla política argentina entre 1880 y 1916 / _cNatalio R. Botana. |
| 260 |
_aBuenos Aires : _bHyspamérica, _c1986. |
||
| 300 |
_a345 p., [3] h. : _bdiagrs. ; _c20 cm. |
||
| 490 | 0 |
_aBiblioteca Argentina de Historia y Política / dirigida por Pablo Costantini _v6 |
|
| 504 | _aIncluye notas y referencias bibliográficas al final de cada capítulo. | ||
| 505 | 0 | _aIntroducción -- La fórmula alberdiana: Los orígenes del régimen del ochenta -- La república posible -- La oligarquía política -- Rasgos institucionales de un régimen: Electores, gobernadores y senadores -- El sistema federal -- La clase gobernante frente a la impugnación revolucionaria -- La reforma política de 1912: Del orden oligárquico a la democratización -- Las leyes electorales: diálogo entre dos reformadores -- ¿Plan estratégico o salto en el vacío? -- Apéndice. | |
| 651 | 4 |
_aARGENTINA _xGOBIERNO _y1880-1916 |
|
| 653 | _aCONSERVADURISMO | ||
| 700 | 1 |
_aConstantini, Pablo _edirector de colección |
|
| 942 |
_2udc _cOG |
||
| 999 |
_c657 _d657 |
||